| 000 | 01154nam a22003377a 4500 | ||
|---|---|---|---|
| 003 | CHAP | ||
| 005 | 20220329143352.0 | ||
| 008 | 090102s2004 mx a r 00110 spa d | ||
| 010 | _a95606 | ||
| 011 | _a96578 | ||
| 020 | _a082135485X | ||
| 035 | _a107232 | ||
| 040 | _cCHAP | ||
| 082 | 0 | 4 |
_a382.41 _bAg83 |
| 245 | 0 | 0 |
_aAgriculture and the WTO : _bcreating a trading system for development _c/por Merlinda D. Ingco and John D. Nash |
| 260 |
_aWashington, DC : _bThe World Bank : Oxford University, _cc2004 |
||
| 300 |
_axvii, 387 p. : _bilus., cuadros, tablas, gráfs. |
||
| 500 | _aIncuye índice analítico | ||
| 590 |
_aBATCH-UPD _b10 _c20130110 _lUCH01 _h0534 |
||
| 590 |
_aBATCH-UPD _b10 _c20130410 _lUCH01 _h0214 |
||
| 590 |
_aBATCH-UPD _b10 _c20130914 _lUCH01 _h1014 |
||
| 590 |
_aCONVERSION _b10 _c20130109 _lUCH01 _h1353 |
||
| 650 | 0 | 4 |
_aComercio. _925557 |
| 650 | 0 | 4 |
_aGlobalización. _948300 |
| 650 | 0 | 4 |
_aTratados. _9114689 |
| 700 | 0 |
_aIngco, Merlinda D. _e, ed. _958170 |
|
| 700 | 1 |
_aNash, John _e, ed. _980266 |
|
| 901 | _aBK | ||
| 942 | _cLIBRO | ||
| 949 |
_a382.41 Ag83 _bBC _cLIBRO _d33724002076884 _eLIBRO _gI.c/e _h110290 _i107232 _si _t$498.15 |
||
| 999 |
_c95606 _d95606 |
||